00256nam a2200097Ia 4500008004100000100002200041245004900063260002200112942000700134999001700141190216s9999||||xx |||||||||||||| ||und|| aUmmer Kutty A N P 0aVaithyutha Engineering Adisthana Thathwangal bKerala Basha Inst cBK c37828d37828